Visualizzazione normale
Vista MARC
- Premiata Forneria Marconi
di Personal Name
Records bibliografici associati: 1
001 - CONTROL NUMBER
- control field: 4647
003 - CONTROL NUMBER IDENTIFIER
- control field: IT-RoPau
005 - DATE AND TIME OF LATEST TRANSACTION
- control field: 20131130122508.0
008 - FIXED-LENGTH DATA ELEMENTS
- fixed length control field: 131130|| aca||aabn | a|a d
040 ## - CATALOGING SOURCE
- Original cataloging agency: IT-RoPau
- Transcribing agency: IT-RoPau
100 ## - HEADING--PERSONAL NAME
- Personal name: Premiata Forneria Marconi
- Miscellaneous information: Codice interprete SPICS: 11070
- Relator term: Interprete
670 ## - SOURCE DATA FOUND
- Source citation: Work cat.: (IT-RoPau)102081: Mussida Franco 4643, Photos of Ghosts (Lp Dzsln 55661)